|
|
|
|
| LEADER |
01225nam a22002777a 4500 |
| 001 |
36569 |
| 003 |
BD-DhAAL |
| 005 |
20191107151213.0 |
| 008 |
191107t2012 enka|||| b||| 001 0 eng d |
| 999 |
|
|
|c 41020
|d 41020
|
| 020 |
|
|
|a 9780857500748
|
| 040 |
|
|
|a BD-DhAAL
|
| 082 |
|
|
|a 530.0941
|2 23
|
| 100 |
|
|
|a Ferguson, Kitty
|9 36904
|
| 245 |
|
|
|a Stephen Hawking :
|b his life and work : the story and science of one of the most extraordinary, celebrated and courageous figures of our time /
|c Kitty Ferguson
|
| 260 |
|
|
|a London :
|b Bantam,
|c 2012
|
| 300 |
|
|
|a 523 pages :
|b illustrations ;
|c 20 cm
|
| 504 |
|
|
|a Includes bibliographical references (pages 459-[499]) andd index.
|
| 526 |
|
|
|a Residential Campus
|
| 541 |
|
|
|a Book Finder International
|e 36569
|
| 600 |
|
|
|a Hawking, S. W.,
|d 1942-2018,
|q (Hawking, Stephen W).
|9 36905
|
| 650 |
|
|
|a Physicists
|z Great Britain.
|9 36906
|
| 650 |
|
|
|a Physicists.
|9 36907
|
| 852 |
|
|
|a Savar Campus Library
|c General Stacks
|
| 942 |
|
|
|2 ddc
|c BK
|
| 952 |
|
|
|0 0
|1 0
|2 ddc
|4 0
|6 530_094100000000000_FER
|7 0
|9 67026
|a SCL
|b SCL
|c GEN
|d 2019-11-05
|e Book Finder International
|g 1898.10
|l 2
|m 1
|o 530.0941 FER
|p 3020036569
|r 2022-04-03
|s 2022-03-10
|t 1
|v 1898.10
|w 2019-11-05
|y BK
|x This property belongs to Ayesha Abed Library
|